[Event "Challenge"]
[Site "http://www.queenalice.com/game.php?id=1102208"]
[Date "2012.9.12"]
[Round "-"]
[White "Tlaloc2k"]
[Black "Franzita"]
[Result "1/2-1/2"]
[WhiteElo "1620"]
[BlackElo "1448"]

1. d4 d5 2. Nf3 f6 3. e3 Nc6 4. c4 e6 5. c5 Nge7 6. Bd3 g6 7. O-O Bg7 8. Nbd2 b6
9. b4 Bb7 10. Ba3 b5 11. Bxb5 e5 12. Ba4 a6 13. Bc2 Nf5 14. Bxf5 gxf5 15. Qa4 e4
16. Nh4 Qd7 17. Qd1 Ne7 18. Qh5+ Kf8 19. Nb3 c6 20. Bc1 Bc8 21. Bd2 Qe8 22.
Qxe8+ Kxe8 23. a4 Ng6 24. Nxg6 hxg6 25. Nc1 g5 26. Ne2 Bh6 27. Ng3 f4 28. Nh5
Kf7 29. h3 f3 30. Kh2 g4 31. Ng3 f5 32. h4 Bg7 33. Nxf5 Bxf5 34. g3 Bf6 35. a5
1/2-1/2

[Event "Challenge"]
[Site "http://www.queenalice.com/game.php?id=1102209"]
[Date "2012.9.12"]
[Round "-"]
[White "Franzita"]
[Black "Tlaloc2k"]
[Result "0-1"]
[WhiteElo "1458"]
[BlackElo "1599"]

1. e4 d5 2. f3 dxe4 3. fxe4 e6 4. d3 Qf6 5. Nf3 e5 6. Nbd2 Nc6 7. c3 Bc5 8. g3
Nge7 9. b4 Bd6 10. a3 O-O 11. Bb2 a6 12. c4 Ng6 13. Be2 Bg4 14. Bc3 Bh3 15. Nb3
Qe6 16. d4 exd4 17. Nbxd4 Nxd4 18. Nxd4 Qxe4 19. Rg1 Qe3 20. Nf3 Qxc3+ 21. Nd2
Rae8 22. Rc1 Qxa3 23. c5 Be5 24. Qb3 Qxc1+ 0-1

[Event "Challenge"]
[Site "http://www.queenalice.com/game.php?id=1108279"]
[Date "2012.10.1"]
[Round "-"]
[White "Araiazlui"]
[Black "Tlaloc2k"]
[Result "0-1"]
[WhiteElo "1052"]
[BlackElo "1603"]

1. d4 d5 2. c3 Bf5 3. Nd2 Nc6 4. e3 a6 5. b4 b5 6. Be2 Nf6 7. Bf3 e6 8. Ne2 Bd6
9. O-O Ne7 10. a3 Bd3 11. Bb2 Nf5 12. a4 Nh4 13. axb5 Bxb5 14. Ra5 Bc4 15. Nxc4
Nxf3+ 16. gxf3 Nh5 17. e4 dxc4 18. Qa4+ Qd7 19. b5 O-O 20. Qxc4 axb5 21. Rxb5 c6
22. Rb6 Rac8 23. Ra1 Kh8 24. e5 Be7 25. Raa6 g6 26. Rxc6 Rxc6 27. Rxc6 Qb7 28.
Bc1 Ng7 29. Nf4 Qb1 30. Nxg6+ Qxg6+ 31. Kf1 Nf5 32. Rc8 Kg7 33. Qc7 Qh5 34. Bh6+
Kxh6 35. Rxf8 Bxf8 36. c4 Qh3+ 37. Ke2 Kg6 38. c5 Nxd4+ 39. Ke3 Nxf3 40. Ke4
Qf5+ 41. Ke3 Nxe5 42. Kd4 Nf3+ 43. Kc4 Qd5+ 0-1

[Event "Challenge"]
[Site "http://www.queenalice.com/game.php?id=1124382"]
[Date "2012.11.21"]
[Round "-"]
[White "Franzita"]
[Black "Tlaloc2k"]
[Result "0-1"]
[WhiteElo "1455"]
[BlackElo "1605"]

1. e4 c6 2. Nc3 e5 3. Nf3 d6 4. d3 b5 5. Bd2 Be7 6. Qe2 Bd7 7. O-O-O Qa5 8. Kb1
b4 9. Qe1 bxc3 10. Bxc3 Qc7 11. d4 Bf6 12. dxe5 dxe5 13. Bc4 Bg4 14. Ba5 Qb7 15.
Qd2 Nd7 16. Qe2 Rb8 17. Bc3 Bxf3 18. Qxf3 a5 19. Bb3 Ne7 0-1

[Event "Salsaqueen"]
[Site "http://www.queenalice.com/game.php?id=1127398"]
[Date "2012.12.1"]
[Round "-"]
[White "Tlaloc2k"]
[Black "SalsaKing"]
[Result "0-1"]
[WhiteElo "1613"]
[BlackElo "1773"]

1. d4 d5 2. Bf4 Nc6 3. Nf3 h6 4. e3 a6 5. h3 Nf6 6. Bd3 b6 7. O-O g5 8. Be5 Nxe5
9. Nxe5 e6 10. c3 Bb7 11. Nd2 Bg7 12. Ndf3 Nh7 13. Nh2 Bxe5 14. dxe5 Qe7 15. Qf3
O-O-O 16. Ng4 d4 17. Qe2 h5 18. Bxh7 Rxh7 19. Nf6 Rhh8 20. Nxh5 g4 21. hxg4 Rdg8
22. Nf6 Rg6 23. f3 Rgh6 24. Kf2 dxc3 25. b3 Qc5 26. Qd3 Qxe5 27. Qd7+ Kb8 28.
Qxf7 Rxf6 29. Qd7 Rh2 30. Qd8+ Ka7 31. Rh1 Rxf3+ 32. Kg1 Rxg2+ 33. Kxg2 Qg3# 0-1

[Event "=D"]
[Site "http://www.queenalice.com/game.php?id=1151845"]
[Date "2013.2.14"]
[Round "-"]
[White "Tlaloc2k"]
[Black "lala"]
[Result "1-0"]
[WhiteElo "1615"]
[BlackElo "1439"]

1. d4 d5 2. Nc3 e6 3. Bf4 Ne7 4. e4 g6 5. e5 Bg7 6. Bg5 O-O 7. Qd3 c6 8. Qg3 Nf5
9. Bxd8 Nxg3 10. hxg3 Rxd8 11. O-O-O b5 12. b4 a5 13. a3 axb4 14. axb4 Ra1+ 15.
Nb1 Na6 16. Kb2 Ra4 17. c3 Nc7 18. Bd3 Bd7 19. Bc2 Ra6 20. Nf3 Rda8 21. Kc1 Bh6+
22. Rxh6 Kg7 23. Rdh1 Ra1 24. Rxh7+ Kf8 25. Rh8+ Ke7 26. Rxa8 Nxa8 27. Rh7 Nb6
28. Bxg6 1-0

[Event "=D"]
[Site "http://www.queenalice.com/game.php?id=1151846"]
[Date "2013.2.14"]
[Round "-"]
[White "lala"]
[Black "Tlaloc2k"]
[Result "0-1"]
[WhiteElo "1525"]
[BlackElo "1624"]

1. d4 e6 2. e4 c5 3. c3 Nf6 4. Bd3 d5 5. Nd2 c4 6. Be2 b5 7. e5 Nfd7 8. Bf3 Be7
9. Ne2 b4 10. O-O Nc6 11. cxb4 Nxb4 12. a3 Nc6 13. Qa4 Qb6 14. Nc3 O-O 15. g3
Ba6 16. Bg2 Qb7 17. Ne2 c3 18. bxc3 Bxe2 19. Re1 Nb6 20. Qc2 Bh5 21. Re3 Bg6 22.
Qd1 h6 23. g4 Bg5 24. Rh3 f6 25. Nf3 f5 26. Nxg5 hxg5 27. Bxg5 Kf7 28. gxf5 exf5
29. Re3 Nc4 30. Bxd5+ Ke8 31. Bxc4 Rh8 32. e6 Qc7 33. d5 Qxh2+ 34. Kf1 Qh1+ 35.
Ke2 Bh5+ 36. f3 Qg2+ 37. Kd3 Qxg5 38. Qa4 Rc8 39. dxc6 Qd8+ 40. Kc2 Bg6 41. c7+
Ke7 42. Qb4+ Qd6 43. Qa4 Rxc7 44. Bb5 f4+ 45. Rd3 Bxd3+ 46. Kb3 Qxe6+ 47. Bc4
Rb8+ 48. Ka2 Qe2+ 0-1

[Event "Compromise"]
[Site "http://www.queenalice.com/game.php?id=1160510"]
[Date "2013.3.13"]
[Round "-"]
[White "Tlaloc2k"]
[Black "Bluepool"]
[Result "1-0"]
[WhiteElo "1617"]
[BlackElo "1595"]

1. d4 Nc6 2. d5 Na5 3. e4 e5 4. Qe2 b6 5. b4 Bxb4+ 6. c3 Bc5 7. Qg4 g6 8. Nf3 d6
9. Bb5+ Kf8 10. Qg3 Nf6 11. Nbd2 Nh5 12. Qg5 f6 13. Qh6+ Kf7 14. Nb3 Rb8 15. O-O
a6 16. Bc4 Nxc4 17. Nxc5 bxc5 18. Nd2 Nxd2 19. Bxd2 Bg4 20. f3 Bd7 21. Qe3 c6
22. Qf2 cxd5 23. Qe2 Bb5 24. Qd1 Bxf1 25. Qxf1 c4 26. exd5 Qc8 27. f4 exf4 28.
Bxf4 Nxf4 29. Qxf4 Qc5+ 30. Kh1 Qxd5 31. Rf1 Qf5 32. Qxc4+ Qe6 33. Qc7+ Qe7 34.
Qc4+ Kg7 35. h4 Rhc8 36. Qd3 h5 37. Rf3 Qe1+ 38. Rf1 Qxh4+ 39. Kg1 1-0

[Event "Demand"]
[Site "http://www.queenalice.com/game.php?id=1160511"]
[Date "2013.3.13"]
[Round "-"]
[White "Bluepool"]
[Black "Tlaloc2k"]
[Result "0-1"]
[WhiteElo "1580"]
[BlackElo "1632"]

1. e4 c6 2. b4 e5 3. Nf3 Bd6 4. Bc4 Nh6 5. d3 Bxb4+ 6. c3 Be7 7. Bxh6 gxh6 8.
Nxe5 d5 9. exd5 Bf6 10. Qh5 Qe7 11. d4 Bxe5 12. dxe5 b5 13. d6 Qf8 14. Bb3 Qg7
15. Nd2 Be6 16. Bxe6 O-O 17. Bh3 Na6 18. Nf3 Nc5 19. Rd1 Na4 20. Rc1 Nc5 21. O-O
Ne6 22. Bxe6 fxe6 23. Nd4 Qd7 24. Qg4+ Kh8 25. Rc2 Rae8 26. Qh4 c5 27. Nf3 Qg7
28. Qe4 Rg8 29. g3 Ref8 30. Rd2 Qd7 31. Qe3 Qb7 32. Nh4 c4 33. Qxh6 Qg7 34. Qxe6
Qg5 35. Ng2 Qxd2 36. Qe7 Re8 0-1

[Event "Challenge"]
[Site "http://www.queenalice.com/game.php?id=1164996"]
[Date "2013.3.26"]
[Round "-"]
[White "Pollyanna"]
[Black "Tlaloc2k"]
[Result "0-1"]
[WhiteElo "2313"]
[BlackElo "1636"]

1. e4 d6 2. a4 Nf6 3. f3 a6 4. Nh3 Bxh3 5. gxh3 Nc6 6. Bd3 e5 7. O-O Qd7 8. Kg2
Qd8 9. Be2 Nh5 10. f4 Nxf4+ 11. Kf3 Nd4+ 12. Kg3 Qg5+ 13. Kf2 Nxh3+ 14. Ke1 Qh4+
15. Rf2 Qxf2# 0-1

[Event "Challenge"]
[Site "http://www.queenalice.com/game.php?id=1172015"]
[Date "2013.4.15"]
[Round "-"]
[White "Nikita"]
[Black "Tlaloc2k"]
[Result "0-1"]
[WhiteElo "1481"]
[BlackElo "1666"]

1. e4 c6 2. Bc4 b5 3. Bb3 Nf6 4. d3 a5 5. Bg5 a4 6. Bxf6 axb3 7. cxb3 exf6 8.
Nf3 Bb4+ 9. Nc3 Qa5 10. Qc2 O-O 11. Nd4 Bxc3+ 12. bxc3 b4 13. cxb4 Qxb4+ 14. Qd2
Qxd4 15. Rc1 d5 16. exd5 Qe5+ 17. Qe2 Qxd5 18. Rf1 Qxg2 19. h4 Bh3 20. f3 Qxe2+
21. Kxe2 Re8+ 22. Kf2 Bxf1 23. Kxf1 Rxa2 24. f4 h5 25. d4 Rh2 26. Kg1 Rxh4 27.
Rf1 Re3 28. b4 Re4 29. Ra1 Rxd4 30. Ra8 Rxb4 31. Kg2 Rhxf4 32. Kg3 Rfc4 33. Ra3
f5 34. Rd3 Rg4+ 35. Kh3 Rh4+ 36. Kg3 Rbd4 37. Re3 f4+ 38. Kf3 fxe3 39. Kxe3 c5
40. Ke2 Rd5 41. Ke3 c4 42. Ke2 c3 43. Ke3 c2 0-1

[Event "Challenge"]
[Site "http://www.queenalice.com/game.php?id=1172016"]
[Date "2013.4.15"]
[Round "-"]
[White "Tlaloc2k"]
[Black "Nikita"]
[Result "1/2-1/2"]
[WhiteElo "1689"]
[BlackElo "1459"]

1. h4 e5 2. g4 Bc5 3. e3 Nf6 4. Bd3 d6 5. f3 Nc6 6. Bb5 a6 7. Bxc6+ bxc6 8. c3
Be6 9. d3 Bd5 10. Qa4 g6 11. e4 Be6 12. Bg5 Bd7 13. Bxf6 Qxf6 14. Nd2 Be3 15.
Qc2 Bxg1 16. Rxg1 Qxh4+ 17. Kf1 c5 18. Nc4 Qh3+ 19. Qg2 Qxg2+ 20. Rxg2 Bb5 21.
a4 Bxc4 22. dxc4 Rb8 23. Re2 Rb3 24. Rc1 f6 25. Kf2 h5 26. Rh1 Ke7 27. Rg1 hxg4
28. Rxg4 Rh2+ 29. Ke3 Rxe2+ 30. Kxe2 Rxb2+ 31. Kd3 g5 32. Rg1 Ra2 33. Rh1 Rxa4
34. Rh7+ Kd8 35. Rh6 Ke7 36. Rh7+ Ke6 37. Rxc7 f5 38. Rg7 Kf6 39. Rd7 fxe4+ 40.
fxe4 Ke6 41. Rg7 Kf6 42. Rg8 Ra1 43. Rf8+ Ke7 44. Rf5 Rg1 45. Rf2 g4 46. Ra2 g3
47. Rxa6 g2 48. Ra7+ Ke6 49. Ra2 1/2-1/2

[Event "AUTO-INT-2634"]
[Site "http://www.queenalice.com/game.php?id=1181304"]
[Date "2013.5.14"]
[Round "1"]
[White "Tlaloc2k"]
[Black "vinoseco"]
[Result "0-1"]
[WhiteElo "1665"]
[BlackElo "1592"]

1. d4 d5 2. c4 dxc4 3. e4 b5 4. Nc3 a6 5. d5 Nf6 6. h3 g6 7. Bg5 Bg7 8. Nf3 Nh5
9. g4 Nf6 10. e5 Nfd7 11. Bg2 Nxe5 12. Nxe5 Bxe5 13. d6 Ra7 14. Bh6 exd6 15. O-O
Qf6 16. Ne4 Qe6 17. Be3 c5 18. Ng5 Qe7 19. f4 Bxb2 20. Rb1 Qxe3+ 21. Kh2 Qd4 22.
Qe2+ Kf8 23. Rxb2 h6 24. Rd2 Qf6 25. Ne4 Qe7 26. Rf3 Nc6 27. f5 Nd4 28. Rxd4
cxd4 29. fxg6 Qe5+ 30. Kg1 Kg7 31. gxf7 Rf8 32. Rf6 Bb7 33. Rf5 d3 34. Qd2 Bxe4
35. Rxe5 dxe5 36. Bxe4 Raxf7 37. Bg2 Rf2 38. Qxf2 Rxf2 39. Kxf2 Kg6 40. Bb7 d2
41. Ke2 c3 42. Bxa6 b4 43. Kd1 Kg5 44. Kc2 Kf4 45. Be2 Kg3 46. Kb3 Kf2 47. Bd1
e4 48. Kxb4 Ke1 49. Bc2 e3 50. a4 e2 51. a5 d1=Q 52. Bxd1 exd1=Q 0-1

[Event "AUTO-INT-2634"]
[Site "http://www.queenalice.com/game.php?id=1181305"]
[Date "2013.5.14"]
[Round "1"]
[White "vinoseco"]
[Black "Tlaloc2k"]
[Result "0-1"]
[WhiteElo "1628"]
[BlackElo "1675"]

1. e4 c5 2. Nc3 e6 3. g3 Nc6 4. Nf3 a6 5. Bc4 b5 6. Be2 Qa5 7. a3 b4 8. Nb1 Qb6
9. a4 Bb7 10. c3 O-O-O 11. c4 Bd6 12. Ng5 Rf8 13. Bg4 h6 14. Nf3 Nce7 15. d3 Nf6
16. e5 Nxg4 17. exd6 Qxd6 18. Bf4 e5 19. Bd2 Qxd3 20. Qe2 Qxe2+ 21. Kxe2 Nf5 22.
h3 Nd4+ 23. Kd3 Nxf2+ 24. Ke3 Nxh1 25. Nxe5 Nc2+ 0-1

[Event "AUTO-INT-2634"]
[Site "http://www.queenalice.com/game.php?id=1181306"]
[Date "2013.5.14"]
[Round "1"]
[White "Tlaloc2k"]
[Black "agjjr"]
[Result "0-1"]
[WhiteElo "1600"]
[BlackElo "1811"]

1. d4 d5 2. Nf3 Nf6 3. e3 Nc6 4. h3 Bf5 5. Bb5 a6 6. Bxc6+ bxc6 7. c3 e6 8. O-O
c5 9. Nbd2 cxd4 10. Qa4+ Qd7 11. Qxd4 Bd6 12. Ne5 Bxe5 13. Qxe5 O-O 14. b4 a5
15. Ba3 axb4 16. Bxb4 Rfc8 17. c4 c5 18. Bc3 Rd8 19. Rfd1 Ra6 20. Nb3 Qa7 21.
cxd5 Bc2 22. Rd2 Bxb3 23. axb3 exd5 24. Qg3 Rxa1+ 25. Bxa1 Qxa1+ 26. Kh2 h6 27.
Qc7 Re8 28. Qxc5 Ne4 29. Qc6 Qe5+ 30. f4 Qe6 31. Qxe6 fxe6 32. Rd4 Ra8 33. Rb4
Kf7 34. h4 Kf6 35. Rb6 Nd2 36. g4 Nf1+ 37. Kg1 Nxe3 38. f5 Nxg4 39. fxe6 d4 40.
Kg2 Rd8 41. Kg3 h5 42. Ra6 d3 43. Kf3 d2 44. Ra1 d1=Q+ 45. Rxd1 Rxd1 0-1

[Event "AUTO-INT-2634"]
[Site "http://www.queenalice.com/game.php?id=1181307"]
[Date "2013.5.14"]
[Round "1"]
[White "agjjr"]
[Black "Tlaloc2k"]
[Result "1-0"]
[WhiteElo "1708"]
[BlackElo "1680"]

1. e4 b6 2. Nf3 c5 3. Bc4 e6 4. Nc3 a6 5. a3 Nc6 6. O-O b5 7. Ba2 c4 8. b3 Qf6
9. bxc4 b4 10. axb4 Nxb4 11. Bb2 Bc5 12. Qb1 Ne7 13. Nd5 Qg6 14. Nc7+ Kf8 15.
Nxa8 Bb7 16. d3 f6 17. Ba3 Bxa8 18. Bxb4 Bxb4 19. Qxb4 Kf7 20. Bb3 Nc6 21. Qd6
Rd8 22. Rxa6 h6 23. Ba4 Kg8 24. Bxc6 Qe8 25. Bb5 Kf7 26. Rfa1 f5 27. exf5 Qh8
28. Bxd7 exf5 29. Ne5+ Kg8 30. Qe6+ Kh7 31. Qg6+ Kg8 32. Be6+ Kf8 33. Qf7# 1-0

[Event "AUTO-INT-2634"]
[Site "http://www.queenalice.com/game.php?id=1181308"]
[Date "2013.5.14"]
[Round "1"]
[White "Tlaloc2k"]
[Black "KAXY"]
[Result "0-1"]
[WhiteElo "1646"]
[BlackElo "1480"]

1. d4 d5 2. h4 Nf6 3. Bg5 Ne4 4. Nd2 Nxg5 5. hxg5 Nc6 6. e3 e5 7. Bb5 Bd7 8.
dxe5 Nxe5 9. Bxd7+ Qxd7 10. Ndf3 Nxf3+ 11. Nxf3 Bd6 12. Qxd5 Bb4+ 13. Qd2 Bxd2+
14. Nxd2 O-O-O 15. O-O-O Qg4 16. Nf3 Qxg2 17. Rxd8+ Rxd8 18. Rxh7 Qxf3 19. b3
Qxf2 20. Rxg7 Qxe3+ 21. Kb2 Qe5+ 0-1

[Event "AUTO-INT-2634"]
[Site "http://www.queenalice.com/game.php?id=1181309"]
[Date "2013.5.14"]
[Round "1"]
[White "KAXY"]
[Black "Tlaloc2k"]
[Result "1-0"]
[WhiteElo "1597"]
[BlackElo "1617"]

1. d4 d5 2. e3 a6 3. Nf3 Nf6 4. Nc3 Bg4 5. Be2 h6 6. Ne5 Be6 7. h3 Ne4 8. Nxe4
dxe4 9. Bh5 g6 10. Bg4 h5 11. Bxe6 fxe6 12. Nxg6 Rh6 13. Bd2 Rxg6 14. Qxh5 Kf7
15. g4 Qd5 16. O-O-O Qxa2 17. c3 Nd7 18. Qh7+ Rg7 19. Qxe4 Qa1+ 20. Kc2 c6 21.
Rxa1 Rg6 22. h4 Nf6 23. Qf3 Kg8 24. h5 Rxg4 25. h6 Kh7 26. e4 Rxe4 27. Qd3 Rd8
28. Bg5 Ng4 29. Qxe4+ Kh8 30. Qxg4 Rd6 31. h7 e5 32. Bf6+ Rxf6 33. Qg8# 1-0

[Event "Shaken, Not Stirred"]
[Site "http://www.queenalice.com/game.php?id=1185898"]
[Date "2013.5.30"]
[Round "-"]
[White "Tlaloc2k"]
[Black "Nikita"]
[Result "0-1"]
[WhiteElo "1623"]
[BlackElo "1526"]

1. d4 e6 2. e4 Nf6 3. e5 Nd5 4. Nf3 Bb4+ 5. c3 Ba5 6. Ng5 h6 7. Ne4 f5 8. Nc5 d6
9. Qa4+ c6 10. exd6 b5 11. Qd1 Qxd6 12. Qh5+ Kf8 13. Qg6 Nd7 14. Nxe6+ Ke7 15.
Qxg7+ Kxe6 16. Qxh8 Qf8 17. Qxf8 Nxf8 18. Bxh6 Ng6 19. b4 Bc7 20. Bg5 Bb7 21.
Be2 f4 22. Bg4+ Kf7 23. h4 Re8+ 24. Kd1 Bd6 25. h5 Nh8 26. h6 Re4 27. Bh5+ Kg8
28. Rh4 Bc8 29. Bg4 Ba6 30. Bf3 Re6 31. Rg4 Ng6 32. Kc2 Bc8 33. Nd2 Re8 34. Ne4
Bxg4 35. Bxg4 Rxe4 36. Bf3 Re6 37. Rh1 Kh7 38. Bg4 Re8 39. Bd7 Rf8 40. Bxc6 Rf5
41. Rh5 Nf6 42. Rh1 Rxg5 43. Bf3 Ng4 44. Bxg4 Rxg4 45. Rg1 f3 46. g3 Nf4 47. Re1
Ng2 48. Re8 Bxg3 49. fxg3 f2 50. Re7+ Kxh6 51. Rf7 Nf4 52. d5 f1=Q 53. d6 Qc4
54. Rxa7 Rxg3 55. Rc7 Qd3+ 56. Kb3 Qxd6 0-1

[Event "With Salt on Rim"]
[Site "http://www.queenalice.com/game.php?id=1185899"]
[Date "2013.5.30"]
[Round "-"]
[White "Nikita"]
[Black "Tlaloc2k"]
[Result "0-1"]
[WhiteElo "1546"]
[BlackElo "1603"]

1. e4 d5 2. exd5 Qxd5 3. d4 e5 4. dxe5 Qxe5+ 5. Qe2 Qxe2+ 6. Bxe2 Be7 7. Nf3 Nc6
8. Nc3 Nf6 9. Bg5 O-O 10. Bc4 Re8 11. O-O-O Bb4 12. Bxf6 gxf6 13. Ne4 Kg7 14. c3
Be7 15. Nd4 Nxd4 16. cxd4 f5 17. Ng3 Bg5+ 18. Kc2 Kg6 19. h4 Be7 20. h5+ Kg7 21.
h6+ Kg6 22. Bd3 Be6 23. Ra1 Bd6 24. Bb5 c6 25. Bd3 Bxg3 26. fxg3 Bd5 27. Rh2
Rad8 28. b3 b5 29. a4 Rc8 30. axb5 cxb5+ 31. Kb2 Ra8 32. Bxb5 Re6 33. Bd7 Rd6
34. Bb5 Rb6 35. Ra5 Bc6 36. Bxc6 Rxc6 37. d5 Rb6 38. Rh4 Rab8 39. Ra3 a5 40.
Rxa5 Rxb3+ 41. Ka2 Rxg3 42. d6 Rxg2+ 43. Ka3 Rd2 44. Ra6 Re8 45. d7+ Re6 46. Ra7
Re3+ 47. Kb4 Re4+ 48. Kc3 Rd1 49. Kc2 Rdd4 50. Ra6+ Kg5 51. Rxe4 fxe4 52. Kc3
Rxd7 53. Ra5+ Kxh6 54. Re5 Rd3+ 55. Kc2 Re3 56. Kd2 Rd3+ 57. Kc2 Rd4 58. Kc3 f6
59. Kxd4 fxe5+ 60. Kxe4 Kg5 61. Kf3 h5 62. Kg2 Kg4 63. Kf2 h4 64. Kg2 e4 65. Kf1
h3 66. Kg1 e3 67. Kf1 Kg3 68. Ke1 h2 69. Ke2 Kf4 70. Kf1 h1=Q+ 71. Ke2 Qf3+ 72.
Kd3 e2+ 0-1

[Event "Challenge"]
[Site "http://www.queenalice.com/game.php?id=1187254"]
[Date "2013.6.3"]
[Round "-"]
[White "Caroline93"]
[Black "Tlaloc2k"]
[Result "0-1"]
[WhiteElo "1287"]
[BlackElo "1592"]

1. e4 c6 2. Nc3 b5 3. d4 e6 4. Nf3 b4 5. Na4 Nf6 6. e5 Nd5 7. Ng5 Qe7 8. Nc5 h6
9. Nf3 f6 10. exf6 Qxf6 11. Ne5 Bd6 12. Qh5+ g6 13. Qxg6+ Qxg6 0-1

[Event "Horse Buggy"]
[Site "http://www.queenalice.com/game.php?id=1201282"]
[Date "2013.7.20"]
[Round "-"]
[White "Tlaloc2k"]
[Black "Nikita"]
[Result "1-0"]
[WhiteElo "1596"]
[BlackElo "1494"]

1. d4 e6 2. e4 Nf6 3. e5 Ne4 4. Nh3 Bb4+ 5. c3 Ba5 6. Bd3 f5 7. Bxe4 fxe4 8. Bg5
O-O 9. Bxd8 Rxd8 10. O-O Nc6 11. b4 Bb6 12. Qg4 g6 13. Qg5 Rf8 14. Qh6 d6 15.
Ng5 Rf5 16. Qxh7+ Kf8 17. Nxe4 d5 18. Nf6 Ne7 19. Qh8+ Kf7 20. Qe8+ Kg7 21.
Qxe7+ Kh8 22. Qh7# 1-0

[Event "Ferrari"]
[Site "http://www.queenalice.com/game.php?id=1201283"]
[Date "2013.7.20"]
[Round "-"]
[White "Nikita"]
[Black "Tlaloc2k"]
[Result "0-1"]
[WhiteElo "1485"]
[BlackElo "1606"]

1. e4 e6 2. Nf3 Be7 3. Nc3 Nf6 4. d3 d6 5. Bg5 O-O 6. Bxf6 Bxf6 7. Nb5 Nc6 8. d4
a6 9. d5 exd5 10. Nc3 Bxc3+ 11. bxc3 dxe4 12. Nd4 Nxd4 13. cxd4 Qf6 14. Bc4 Qg6
15. g3 Qf5 16. g4 Qg5 17. f3 Qe3+ 18. Qe2 Qc3+ 19. Kf2 Qxd4+ 20. Kg3 exf3 21.
Qxf3 Qxc4 22. Rhe1 Qb5 23. Re7 Qb2 24. Rae1 Be6 25. a4 Qxc2 26. h4 Qc4 27. Qxb7
Qxg4+ 28. Kh2 Qxh4+ 29. Kg2 Qxe1 30. Qxc7 Qd2+ 31. Kf3 Rac8 32. Qb7 Bd5+ 33. Kg3
Bxb7 34. Rxb7 Qd4 35. Rd7 Rc3+ 36. Kg2 Qd2+ 37. Kf1 Rc1# 0-1

[Event "Challenge"]
[Site "http://www.queenalice.com/game.php?id=1203662"]
[Date "2013.7.30"]
[Round "-"]
[White "Tlaloc2k"]
[Black "lida"]
[Result "0-1"]
[WhiteElo "1608"]
[BlackElo "2205"]

1. d4 d5 2. e3 Nf6 3. Be2 c5 4. Nc3 c4 5. Nf3 Bf5 6. Ne5 e6 7. O-O a6 8. Bd2 Bd6
9. Bh5 Bxe5 10. dxe5 Nxh5 11. Qxh5 Bxc2 12. Qh3 Nc6 13. Qg3 Bg6 14. Ne2 O-O 15.
Nc3 Qb6 16. b3 cxb3 17. axb3 Qxb3 18. Na4 Qc2 19. Nb6 Qxd2 20. Na4 Qb4 21. f4
Na5 22. Qf2 Nc4 23. Qe1 Qxe1 24. Rfxe1 Rfc8 25. Kf2 b5 26. Nc3 Nb2 27. Re2 Nd3+
28. Kg3 Rxc3 29. Rea2 Nc5 30. Ra5 Rxe3+ 31. Kf2 Rb3 32. h3 Rc8 33. Kg1 Rb4 34.
Rf1 Ra4 35. Rxa4 Nxa4 36. g4 d4 37. h4 d3 38. f5 exf5 39. gxf5 Bxf5 40. Rxf5 d2
41. Rf1 Rc1 0-1